Busy Woman - Sabrina Carpenter - Statistics

General Stats
  • This quiz has been taken 61 times
  • The average score is 284 of 322
Answer Stats
% Correct
I
100%
a
97%
and
97%
And
97%
I'm
97%
so
97%
So
97%
busy
95%
Busy
95%
But
95%
love
95%
love)
95%
of
95%
(Oh,
95%
Oh
95%
the
95%
To
95%
to
95%
want
95%
when
95%
woman
95%
woman,
95%
you
95%
you,
95%
any
92%
are
92%
if
92%
(If
92%
If
92%
me
92%
me,
92%
my
92%
My
92%
(My
92%
need
92%
need)
92%
off,
92%
your
92%
anyway
90%
ass
90%
be
90%
bitch
90%
clothes
90%
comin'
90%
don't
90%
I'll
90%
just
90%
little
90%
mature,
90%
over
90%
place
90%
Yeah,
90%
all
87%
didn't
87%
kisses
87%
that
87%
collected,
85%
day
85%
Except
85%
for
85%
gay
85%
into
85%
life
85%
like
85%
night
85%
Night
85%
perfect
85%
'til
85%
time
85%
us
85%
well,
85%
Well,
85%
yoga,
85%
baby,
82%
calendar
82%
come
82%
dies
82%
get
82%
one
82%
rejection
82%
what
82%
with
82%
you're
82%
down,
79%
let
79%
namaste
79%
rest
79%
sensible
79%
that's
79%
deem
77%
hey)
77%
hit
77%
know
77%
reapply
77%
turn
77%
much
74%
super
74%
tell
74%
tight
74%
unless
74%
call
72%
could
72%
flexible,
72%
lipstick
72%
scared
72%
shave
72%
unethical
72%
wouldn't
72%
someone
69%
accommodate
67%
Mrs.
64%
Maybe
62%
Tantric
62%
though,
62%
tonight
62%
openings
59%
(Ah)
54%
'Cause
54%
(Ooh)
54%
Ooh
54%
No matching quizzes found
Score Distribution
Percent of People with Each Score
Percentile by Number Answered
Your Score History
You have not taken this quiz